The waywars cell : Its origins, nature, and treament
Enregistré dans:
| Auteur principal: | |
|---|---|
| Format: | Livre |
| Langue: | Undetermined |
| Publié: |
U.S.A.
University of California Press
1978
|
| Sujets: | |
| Tags: |
Ajouter un tag
Pas de tags, Soyez le premier à ajouter un tag!
|
| Thư viện lưu trữ: | Trung tâm Học liệu Trường Đại học Cần Thơ |
|---|
| LEADER | 00496nam a2200181Ia 4500 | ||
|---|---|---|---|
| 001 | CTU_78557 | ||
| 008 | 210402s9999 xx 000 0 und d | ||
| 082 | |a 571.978 | ||
| 082 | |b R514 | ||
| 100 | |a Richards, Victor | ||
| 245 | 4 | |a The waywars cell : | |
| 245 | 0 | |b Its origins, nature, and treament | |
| 245 | 0 | |c Victor Richards | |
| 260 | |a U.S.A. | ||
| 260 | |b University of California Press | ||
| 260 | |c 1978 | ||
| 650 | |a Pathology | ||
| 980 | |a Trung tâm Học liệu Trường Đại học Cần Thơ | ||